[Event "Niedersachsen-ch op-B"]
[Site "Verden"]
[Date "2014.01.03"]
[Round "4"]
[White "Conrath, Michael"]
[Black "Moenster, Michel"]
[Result "1-0"]
[WhiteElo "1612"]
[BlackElo "1716"]
[PlyCount "53"]
[EventDate "2014.01.02"]
[EventType "swiss"]
[EventRounds "7"]
[EventCountry "GER"]
[SourceTitle "EXT 2016"]
[Source "ChessBase"]
[SourceDate "2015.10.08"]
[SourceVersion "1"]
[SourceVersionDate "2015.10.08"]
[SourceQuality "1"]

1. e4 e6 2. d4 d5 3. Nd2 c5 4. c3 Nf6 5. e5 Nfd7 6. Bd3 Nc6 7. Ngf3 Qb6 8. 0-0 cxd4 9. cxd4 Nxd4 10. Nxd4 Qxd4 11. Nf3 Qb6 12. Qa4 Bc5 13. Qg4 g6 14. Rb1 Qc7 15. Re1 b6 16. b4 Be7 17. Bg5 Bxg5 18. Qxg5 h6 19. Qg4 Bb7 20. Rbc1 Qd8 21. Rc3 h5 22. Qf4 Qe7 23. Rec1 Kf8 24. Rc7 Rb8 25. Bb5 Kg7 26. Rxd7 Qf8 27. Rcc7 1-0